<?xml version="1.0" encoding="UTF-8"?>
<record
    xmlns:xsi="http://www.w3.org/2001/XMLSchema-instance"
    xsi:schemaLocation="http://www.loc.gov/MARC21/slim http://www.loc.gov/standards/marcxml/schema/MARC21slim.xsd"
    xmlns="http://www.loc.gov/MARC21/slim">

  <leader>01987nam a2200253 i 4500</leader>
  <controlfield tag="003">DO-SdBNP</controlfield>
  <controlfield tag="005">20260305074000.0</controlfield>
  <controlfield tag="006">a||||gr|||| 00| 0 </controlfield>
  <controlfield tag="007">ta</controlfield>
  <controlfield tag="008">230907t1988    dr ||||| |||| 00| 0 spa d</controlfield>
  <datafield tag="040" ind1=" " ind2=" ">
    <subfield code="a">DO-SdBNP</subfield>
    <subfield code="b">spa</subfield>
    <subfield code="c">BNPHU</subfield>
    <subfield code="e">rda</subfield>
  </datafield>
  <datafield tag="082" ind1=" " ind2="4">
    <subfield code="2">22</subfield>
    <subfield code="b">G377p</subfield>
  </datafield>
  <datafield tag="100" ind1="1" ind2=" ">
    <subfield code="a">Ger&#xF3;n, Candido,</subfield>
    <subfield code="d">1948-</subfield>
    <subfield code="e">autor</subfield>
    <subfield code="9">3577</subfield>
  </datafield>
  <datafield tag="245" ind1="1" ind2="0">
    <subfield code="a">Los primeros pasos de un oficio. /</subfield>
    <subfield code="c">Candido Geron; pr&#xF3;logo, An&#xED;bal de Castro</subfield>
  </datafield>
  <datafield tag="264" ind1=" " ind2="4">
    <subfield code="a">Santo Domingo :</subfield>
    <subfield code="b">Santo Domingo,</subfield>
    <subfield code="c">1988</subfield>
  </datafield>
  <datafield tag="300" ind1=" " ind2=" ">
    <subfield code="a">157 p&#xE1;ginas ;</subfield>
    <subfield code="c">21 cm.</subfield>
  </datafield>
  <datafield tag="336" ind1=" " ind2=" ">
    <subfield code="2">rdacontent</subfield>
    <subfield code="a">texto</subfield>
    <subfield code="b">txt</subfield>
  </datafield>
  <datafield tag="337" ind1=" " ind2=" ">
    <subfield code="2">rdamedia</subfield>
    <subfield code="a">sin  mediaci&#xF3;n</subfield>
    <subfield code="b">n</subfield>
  </datafield>
  <datafield tag="338" ind1=" " ind2=" ">
    <subfield code="2">rdacarrier</subfield>
    <subfield code="a">volumen</subfield>
    <subfield code="b">nc</subfield>
  </datafield>
  <datafield tag="505" ind1=" " ind2=" ">
    <subfield code="a">Pr&#xF3;logo.</subfield>
    <subfield code="t">Alejo Carpentier.-- En "La Ruta": Cebri&#xE1;n es un Minero de la Complejidad Humana.-- Lo F&#xE1;ctico y Te&#xF3;rico en el Creador.-- La Ultima novela de Bonaparte Gautreaux Pi&#xF1;eyro.-- Visi&#xF3;n Conjunta en las obras Literarias de Balaguer.-- Orlando Gil El Poeta.-- Los personajes de Vicent Van Gogh.-- La Elegancia Formal en Delacroix.-- La Sorprendente Fuerza Imaginativa de Corot.-- Unidad Crom&#xE1;tica y Efecto Final en la Obra de Renoir.-- La Presencia Marcada de Vicente Pimentel en Par&#xED;s.-- El Expresionismo Abstracto de Ruiz Bermejo.-- </subfield>
    <subfield code="t">Teor&#xED;a para una Mayor Comprensi&#xF3;n del Surrealismo en al Sociedad Ta&#xED;na.-- La Trayectoria Pict&#xF3;rica de Domingo Liz.-- Exuberancia Musical en las Esculturas de Alberto Ulloa.-- T&#xE9;cnicas y Secretos en a Pintura del Maestro Bid&#xF3;.-- Analog&#xED;a, Sincronicidad y Pensar M&#xED;tico en la Obra de Guadalupe.-- Simbiosis Entre Surrealismo y Postainismo en la Obra de F&#xE9;lix Moya.-- La Peculiaridad del S&#xED;mbolo en la Obra de Dionisio Blanco.--</subfield>
    <subfield code="t">Los Signos de la Incomprensi&#xF3;n en la Obra de Amable Sterling.-- Elsa N&#xFA;&#xF1;ez Penetra en la Intimidad de los Sue&#xF1;os.-- La proyecci&#xF3;n Pict&#xF3;rica de Jacinto Dom&#xED;nguez.-- La Pintura de Freddy Javier Hay una Gran Preocupaci&#xF3;n Social. </subfield>
  </datafield>
  <datafield tag="590" ind1=" " ind2=" ">
    <subfield code="a">Inventariado 2023 / MF</subfield>
  </datafield>
  <datafield tag="700" ind1="1" ind2=" ">
    <subfield code="a">Castro, Anibal de,</subfield>
    <subfield code="9">8559</subfield>
    <subfield code="e">pr&#xF3;logo</subfield>
  </datafield>
  <datafield tag="942" ind1=" " ind2=" ">
    <subfield code="2">ddc</subfield>
    <subfield code="c">LBS1</subfield>
  </datafield>
  <datafield tag="952" ind1=" " ind2=" ">
    <subfield code="0">0</subfield>
    <subfield code="1">0</subfield>
    <subfield code="2">ddc</subfield>
    <subfield code="5">1</subfield>
    <subfield code="7">0</subfield>
    <subfield code="8">PD</subfield>
    <subfield code="a">BNPHU</subfield>
    <subfield code="b">BNPHU</subfield>
    <subfield code="c">CT</subfield>
    <subfield code="d">2019-11-15</subfield>
    <subfield code="e">Donado por Erianey Group</subfield>
    <subfield code="l">0</subfield>
    <subfield code="o">G377p</subfield>
    <subfield code="p">2023-5687</subfield>
    <subfield code="r">2023-09-07</subfield>
    <subfield code="w">2023-09-07</subfield>
    <subfield code="y">LBS1</subfield>
  </datafield>
  <datafield tag="999" ind1=" " ind2=" ">
    <subfield code="c">54647</subfield>
    <subfield code="d">54647</subfield>
  </datafield>
</record>
